[Event "XII It I"]
[Site "Dos Hermanas ESP"]
[Date "2003.03.28"]
[Round "1"]
[White "Shirov,A"]
[Black "Epishin,V"]
[Result "1/2-1/2"]
[WhiteElo "2723"]
[BlackElo "2626"]
[EventDate "2003.03.28"]

1. e4 c6 2. d4 d5 3. Nc3 dxe4 4. Nxe4 Bf5 5. Ng3 Bg6 6. h4 h6 7. Nf3 Nd7 8.
h5 Bh7 9. Bd3 Bxd3 10. Qxd3 Ngf6 11. Bf4 e6 12. O-O-O Be7 13. Ne4 O-O 14.
Kb1 1/2-1/2

[Event "XII It I"]
[Site "Dos Hermanas ESP"]
[Date "2003.03.29"]
[Round "2"]
[White "Tiviakov,S"]
[Black "Campora,D"]
[Result "1/2-1/2"]
[WhiteElo "2635"]
[BlackElo "2505"]
[EventDate "2003.03.28"]

1. e4 c6 2. d4 d5 3. Nd2 dxe4 4. Nxe4 Bf5 5. Ng3 Bg6 6. Bc4 e6 7. N1e2 Bd6
8. h4 h6 9. Nf4 Bxf4 10. Bxf4 Nf6 11. c3 Nbd7 12. h5 Bh7 13. Qf3 a5 14. a4
O-O 15. O-O Nd5 16. Bd2 Qh4 1/2-1/2

[Event "XII It I"]
[Site "Dos Hermanas ESP"]
[Date "2003.03.31"]
[Round "4"]
[White "Epishin,V"]
[Black "Campora,D"]
[Result "1-0"]
[WhiteElo "2626"]
[BlackElo "2505"]
[EventDate "2003.03.28"]

1. d4 Nf6 2. c4 e6 3. Nf3 d5 4. Nc3 Be7 5. Qc2 dxc4 6. e4 Nc6 7. Be3 Nb4 8.
Qd1 Nd3+ 9. Bxd3 cxd3 10. Ne5 O-O 11. f3 Bd7 12. Rc1 Be8 13. Nxd3 c6 14.
O-O Nd7 15. Kh1 Qa5 16. Qb3 Qb6 17. Qc2 Qa6 18. Rfd1 f5 19. a4 Qb6 20. Re1
fxe4 21. Nxe4 Qc7 22. Bf2 Rf5 23. Bg3 Qb6 24. Nec5 Nxc5 25. dxc5 Qd8 26.
Qb3 Qc8 27. Ne5 Kh8 28. h3 h6 29. a5 Rg5 30. Bh2 Rf5 31. Qc4 Bd8 32. b4 Bc7
33. Qc3 Qb8 34. Rcd1 b6 35. cxb6 axb6 36. Nd7 Qc8 37. Nxb6 Bxb6 38. axb6 c5
39. Be5 Qb7 40. bxc5 Bc6 41. Rd6 Bxf3 42. c6 Qf7 43. Rd2 Rxe5 44. Qxe5 Bxc6
45. Qc7 Qe8 46. Rc1 1-0

[Event "XII It I"]
[Site "Dos Hermanas ESP"]
[Date "2003.04.02"]
[Round "6"]
[White "Tiviakov,S"]
[Black "Epishin,V"]
[Result "1/2-1/2"]
[WhiteElo "2635"]
[BlackElo "2626"]
[EventDate "2003.03.28"]

1. e4 c5 2. Nf3 e6 3. c3 Nf6 4. e5 Nd5 5. d4 cxd4 6. cxd4 d6 7. a3 Nd7 8.
Bd3 Be7 9. O-O b6 10. Nbd2 dxe5 11. Nxe5 Qc7 12. Ndf3 O-O 13. Bd2 Bb7 14.
Rc1 Qd6 15. Nc4 Qb8 16. Nce5 Qd6 17. Nc4 Qb8 18. Nce5 Qd6 1/2-1/2

[Event "XII It I"]
[Site "Dos Hermanas ESP"]
[Date "2003.04.03"]
[Round "7"]
[White "Epishin,V"]
[Black "Illescas Cordoba,M"]
[Result "1/2-1/2"]
[WhiteElo "2626"]
[BlackElo "2595"]
[EventDate "2003.03.28"]

1. d4 d5 2. c4 c6 3. Nf3 Nf6 4. e3 Bf5 5. Nc3 e6 6. Nh4 Be4 7. Qb3 Qc7 8.
f3 dxc4 9. Qxc4 Bd5 10. Nxd5 Nxd5 11. g3 Bb4+ 12. Kf2 Be7 13. Ng2 Nd7 14.
Be2 e5 15. dxe5 Nxe5 16. Qb3 h5 17. e4 Bc5+ 18. Kf1 Nb6 19. Qc2 Bd4 20. a4
a5 21. Nh4 g6 22. Kg2 O-O-O 23. Rd1 Rd6 24. f4 Ng4 25. Ra3 Bg7 26. Rxd6
Qxd6 27. h3 Nh6 28. Nf3 Re8 29. Re3 Bf8 30. b3 Qc7 31. Bd3 Bb4 32. Re2 Ng8
33. Be3 Nf6 34. Bxb6 Qxb6 35. Bc4 Re7 36. e5 Nd7 37. Ng5 h4 38. gxh4 Qd4
39. Re4 Qa1 40. Re2 f6 41. exf6 Rxe2+ 42. Qxe2 Nxf6 43. Qe5 Qxe5 44. fxe5
Nd7 45. Nf7 Nf8 46. Kf3 Kd7 47. Kg4 Ke7 48. Ng5 Nd7 49. Nf3 Bc3 50. Kf4 Bb2
51. h5 gxh5 52. Kf5 Bc3 53. Be2 Bb2 54. Bc4 Bc3 55. e6 Nf8 56. Ng5 h4 57.
Ne4 Bd4 58. Nd2 Bc3 59. Nf1 Bd4 60. Nh2 Bc3 61. Ng4 Bg7 62. Ne3 Bd4 63. Ng2
Bf6 64. Nf4 Bc3 65. Nd3 Kd6 66. Nc5 Ke7 67. Nxb7 Bb4 68. Ke5 Ng6+ 69. Ke4
Nf8 70. Kd4 Nxe6+ 71. Bxe6 Kxe6 72. Nc5+ Kd6 73. Nd3 Bd2 74. Nb2 Be1 75.
Nc4+ Kc7 76. Ke4 Kd7 77. Kf5 Ke7 78. Ke5 Bc3+ 79. Kf4 Ke6 80. Ke4 Be1 81.
Ne5 Kd6 82. Nf3 Bf2 83. Ne5 Be1 84. Nc4+ Kc5 85. Kd3 Kb4 86. Kc2 Bg3 87.
Nb2 Kc5 88. Kd3 Kb4 89. Kc2 Kc5 90. Nc4 Kb4 91. Nd2 Kc5 92. Kd3 Kb4 93. Kc2
1/2-1/2

[Event "XII It I"]
[Site "Dos Hermanas ESP"]
[Date "2003.04.04"]
[Round "8"]
[White "Tiviakov,S"]
[Black "Illescas Cordoba,M"]
[Result "1-0"]
[WhiteElo "2635"]
[BlackElo "2595"]
[EventDate "2003.03.28"]

1. e4 c5 2. Nf3 Nc6 3. c3 Nf6 4. e5 Nd5 5. Bc4 Nb6 6. Bb3 c4 7. Bc2 Qc7 8.
Qe2 g5 9. h3 Bg7 10. O-O Nxe5 11. Nxg5 h6 12. Nf3 d6 13. a4 Nbd7 14. Nd4
Nc5 15. Na3 d5 16. b3 Ncd3 17. bxc4 Nf4 18. Qe3 Nxc4 19. Nxc4 Bxd4 20. cxd4
Rg8 21. Qe5 Qxc4 22. Qxf4 Qxc2 23. Re1 Qf5 24. Qxh6 Be6 25. Ra3 Rc8 26. Rb3
b6 27. Qh4 Qg5 28. Qxg5 Rxg5 29. Rbe3 Kd7 30. g4 Rg6 31. f4 f5 32. g5 Rh8
33. Kg2 Rh7 34. Ba3 Rh8 35. Kg3 Rh7 36. h4 Rh8 37. Rh1 Rh5 38. Rc1 Rg7 39.
Rec3 Ke8 40. Rc7 Rgh7 41. Rh1 a6 42. Ra7 a5 43. Rb7 Bd7 44. g6 Rg7 45. Rb8+
Bc8 46. Rxc8+ Kd7 47. Rhc1 Rxg6+ 48. Kf3 Rg7 49. R1c7+ Ke6 50. Re8 Rxh4 51.
Rexe7+ Rxe7 52. Rxe7+ Kf6 53. Bd6 1-0